000 00579nam a2200205Ia 4500
005 20250326141723.0
008 250326s9999 xx 000 0 und d
020 _a0-07-061150-5
037 _aTextbook
040 _aFMSL
_beng
_cFMSL
041 _aeng
_2eng
084 _aX9B8(A) M9
_qFMSL
100 _aSteinhoff D
_9737251
245 0 _aSmall business management fundamentals
_cSteinhoff D; Burgess J F
250 _a5
260 _aNew York
_bNew York, McGraw Hill
_c1989
300 _axxviii,492
942 _cTB
_hX9B8(A) M9
999 _c1291650
_d1291650